Villes de l'Aude par arrondissement - Statistiques

Statistiques générales
  • Ce quiz a été pris 79 fois
  • Le résultat moyen est 8 sur 15
Statistiques - réponses
Ville Population % Correct
Narbonne 56 395
93%
Carcassonne 46 218
92%
Limoux 10 302
90%
Lézignan-Corbières 10 952
75%
Castelnaudary 12 448
65%
Trèbes 5 416
57%
Quillan 3 066
53%
Sigean 5 583
53%
Coursan 5 751
52%
Port-la-Nouvelle 5 905
48%
Bram 3 239
45%
Villemoustaussou 4 468
28%
Espéraza 1 703
27%
Couiza 1 127
23%
Chalabre 1 144
5%
Aucun quiz correspondant
Distribution des résultats
% des personnes avec chaque résultat
Percentile par nombre de réponses
Votre historique - résultats
Vous n’avez pas pris ce quiz